[Event "VIE-ch"]
[Site "Ha Tien"]
[Date "2023.09.15"]
[Round "6"]
[White "Le, Minh Hoang"]
[Black "Vo, Pham Thien Phuc"]
[Result "1/2-1/2"]
[WhiteElo "2240"]
[BlackElo "2108"]
[PlyCount "30"]
[EventDate "2023.09.13"]
[EventType "swiss"]
[EventRounds "9"]
[EventCountry "VIE"]
[SourceTitle "EXT 2024"]
[Source "ChessBase"]
[SourceDate "2023.10.10"]
[SourceVersion "1"]
[SourceVersionDate "2023.10.10"]
[SourceQuality "1"]

1. e4 e5 2. Nf3 Nc6 3. Nc3 Nf6 4. Bb5 Nd4 5. Nxd4 exd4 6. e5 dxc3 7. exf6 Qxf6 8. dxc3 Be7 9. 0-0 0-0 10. Qd4 d6 11. Re1 Bf5 12. Qxf6 Bxf6 13. Bd3 Rfe8 14. Be3 Bxd3 15. cxd3 a6 1/2-1/2

[Event "VIE-chT"]
[Site "Hanoi"]
[Date "2023.04.23"]
[Round "9"]
[White "Le, Minh Hoang"]
[Black "Ngo, Duc Tri"]
[Result "1/2-1/2"]
[WhiteElo "2240"]
[BlackElo "2345"]
[PlyCount "26"]
[EventDate "2023.04.18"]
[EventType "swiss"]
[EventRounds "9"]
[EventCountry "VIE"]
[SourceTitle "EXT 2024"]
[Source "ChessBase"]
[SourceDate "2023.10.10"]
[SourceVersion "1"]
[SourceVersionDate "2023.10.10"]
[SourceQuality "1"]

1. d4 d5 2. c4 c6 3. Nf3 Nf6 4. cxd5 cxd5 5. Nc3 Nc6 6. Bf4 a6 7. e3 Bg4 8. h3 Bxf3 9. Qxf3 e6 10. Bd3 h6 11. 0-0 Bd6 12. Rfc1 0-0 13. Bxd6 Qxd6 1/2-1/2

[Event "VIE-chT"]
[Site "Hanoi"]
[Date "2023.04.21"]
[Round "6"]
[White "Le, Minh Hoang"]
[Black "Dinh, Nho Kiet"]
[Result "1/2-1/2"]
[WhiteElo "2240"]
[BlackElo "2209"]
[PlyCount "86"]
[EventDate "2023.04.18"]
[EventType "swiss"]
[EventRounds "9"]
[EventCountry "VIE"]
[SourceTitle "EXT 2024"]
[Source "ChessBase"]
[SourceDate "2023.10.10"]
[SourceVersion "1"]
[SourceVersionDate "2023.10.10"]
[SourceQuality "1"]

1. c4 e5 2. a3 a5 3. Nc3 Nc6 4. Nf3 Nf6 5. e4 Bc5 6. Nxe5 Nxe5 7. d4 Bxd4 8. Qxd4 d6 9. Be2 Be6 10. Bg5 h6 11. Bh4 c5 12. Qd1 g5 13. Bg3 Qd7 14. Nd5 Bxd5 15. exd5 Ne4 16. f4 Ng6 17. 0-0 0-0 18. Bd3 Nxg3 19. hxg3 Qe7 20. Bxg6 fxg6 21. Re1 Qg7 22. fxg5 Qxb2 23. Re2 Qg7 24. gxh6 Qxh6 25. Re6 Qg5 26. Qd3 Rf6 27. Qe3 Qxe3+ 28. Rxe3 Raf8 29. Rb1 R8f7 30. Reb3 Rf2 31. Rb6 Rc2 32. Rxd6 Rff2 33. Rxg6+ Kf8 34. Rf1 Rxf1+ 35. Kxf1 Rxc4 36. Rb6 Rc3 37. Rxb7 Rxa3 38. Rb5 Rxg3 39. Rxc5 a4 40. Kf2 Rd3 41. Ke2 Rg3 42. Kf2 Rd3 43. Ra5 a3 1/2-1/2

[Event "VIE-ch"]
[Site "Vung Tau"]
[Date "2023.03.05"]
[Round "5"]
[White "Le, Minh Hoang"]
[Black "Tran, Ngoc Lan"]
[Result "1/2-1/2"]
[WhiteElo "2253"]
[BlackElo "2156"]
[PlyCount "136"]
[EventDate "2023.03.03"]
[EventType "swiss"]
[EventRounds "9"]
[EventCountry "VIE"]
[SourceTitle "EXT 2024"]
[Source "ChessBase"]
[SourceDate "2023.10.10"]
[SourceVersion "1"]
[SourceVersionDate "2023.10.10"]
[SourceQuality "1"]

1. c4 c6 2. e4 d5 3. exd5 cxd5 4. cxd5 Nf6 5. Nc3 Nxd5 6. d4 Nc6 7. Nf3 Bg4 8. Qb3 Nb6 9. d5 Bxf3 10. gxf3 Nd4 11. Qd1 Nf5 12. Bf4 a6 13. Bh3 Nd6 14. 0-0 g5 15. Be5 Rg8 16. Re1 Bg7 17. Qd3 Bxe5 18. Rxe5 Rg7 19. Rae1 f6 20. Re6 Kf8 21. Ne4 Nxe4 22. fxe4 Nd7 23. Qa3 g4 24. Bg2 Kf7 25. d6 exd6 26. Rxd6 Qe7 27. Qb3+ Kg6 28. Re6 Qf8 29. e5 Rf7 30. Qxb7 Nc5 31. Qxa8 Nxe6 32. Qxa6 Qb4 33. Re4 Qxb2 34. Rxg4+ Kf5 35. h3 Qa1+ 36. Bf1 fxe5 37. Qc4 Rc7 38. Qe4+ Kf6 39. Qf3+ Ke7 40. Rh4 Qb1 41. Qa3+ Kf7 42. Qd3 Qxd3 43. Bxd3 Rc1+ 44. Kh2 Ng5 45. Rc4 Ra1 46. Rc7+ Kf6 47. Kg2 Ne6 48. Rc6 Ke7 49. Bxh7 Nf4+ 50. Kf3 Rxa2 51. h4 Nh3 52. h5 Ng5+ 53. Kg3 Nxh7 54. Rc7+ Kf6 55. Rxh7 Kg5 56. Kf3 Rb2 57. Rh8 Ra2 58. Ke3 e4 59. Rf8 Kxh5 60. Kxe4 Kg6 61. f4 Kg7 62. Rb8 Kf6 63. Rb6+ Kf7 64. Kf5 Ra5+ 65. Kg4 Rc5 66. f5 Rc1 67. Rb7+ Kf6 68. Rb6+ Kf7 1/2-1/2

[Event "Hanoi op"]
[Site "Hanoi"]
[Date "2022.08.25"]
[Round "5"]
[White "Dau, Khuong Duy"]
[Black "Le, Minh Hoang"]
[Result "0-1"]
[WhiteElo "1937"]
[BlackElo "2253"]
[PlyCount "86"]
[EventDate "2022.08.20"]
[EventType "swiss"]
[EventRounds "9"]
[EventCountry "VIE"]
[SourceTitle "CBM 209 Extra"]
[Source "ChessBase"]
[SourceDate "2022.09.30"]
[SourceVersion "1"]
[SourceVersionDate "2022.09.30"]
[SourceQuality "1"]

1. e4 c5 2. Nf3 a6 3. d4 cxd4 4. Nxd4 Nf6 5. Nc3 e5 6. Nb3 Bb4 7. Bd2 Nc6 8. Qe2 d5 9. exd5 Nxd5 10. Nxd5 Qxd5 11. 0-0-0 Bxd2+ 12. Qxd2 Qxd2+ 13. Rxd2 Bf5 14. Bd3 Bxd3 15. Rxd3 Nb4 16. Rd6 Rc8 17. Kb1 Rc7 18. Na5 Nc6 19. Nxc6 Rxc6 20. Rxc6 bxc6 21. Re1 f6 22. f4 Kf7 23. fxe5 Re8 24. c3 fxe5 25. Re4 Ke6 26. Kc2 Rf8 27. Kd3 Rf2 28. Re2 Rf4 29. g3 Rf3+ 30. Kc4 Kf5 31. Kc5 e4 32. Kxc6 Rd3 33. c4 e3 34. b4 Ke4 35. a4 Ra3 36. a5 Kd3 37. Re1 Kxc4 38. Kb6 Kxb4 39. Rb1+ Rb3 40. Rc1 Rc3 41. Rb1+ Kc4 42. Kxa6 Rb3 43. Rc1+ Kd3 0-1

[Event "Hanoi op"]
[Site "Hanoi"]
[Date "2022.08.20"]
[Round "1"]
[White "Le, Minh Hoang"]
[Black "Huynh, Le Minh Hoang"]
[Result "1-0"]
[WhiteElo "2253"]
[BlackElo "1326"]
[PlyCount "71"]
[EventDate "2022.08.20"]
[EventType "swiss"]
[EventRounds "9"]
[EventCountry "VIE"]
[SourceTitle "CBM 209 Extra"]
[Source "ChessBase"]
[SourceDate "2022.09.30"]
[SourceVersion "1"]
[SourceVersionDate "2022.09.30"]
[SourceQuality "1"]

1. d4 d5 2. c4 c6 3. cxd5 cxd5 4. Nc3 Nf6 5. Nf3 Nc6 6. Bf4 a6 7. e3 Bg4 8. h3 Bh5 9. g4 Bg6 10. Qb3 Qa5 11. Ne5 Be4 12. Rg1 e6 13. f3 Bg6 14. Qa4 Qb6 15. Rg2 Be7 16. h4 h6 17. Nxg6 fxg6 18. Qc2 g5 19. hxg5 hxg5 20. Bxg5 Kd7 21. Bf4 Rad8 22. 0-0-0 Qa5 23. Qa4 Rc8 24. Kb1 b5 25. Qxa5 Nxa5 26. g5 Ne8 27. Bd3 Rh3 28. Nxd5 Bd8 29. Nb4 Rxf3 30. Be2 Rh3 31. d5 Rh8 32. dxe6+ Ke7 33. Nd5+ Kf8 34. Rf2 Nc6 35. Bg4 Nf6 36. Bd6+ 1-0

[Event "VIE-ch"]
[Site "Ho Chi Minh City"]
[Date "2021.03.24"]
[Round "1"]
[White "Le, Minh Hoang"]
[Black "Dau, Khuong Duy"]
[Result "1/2-1/2"]
[WhiteElo "2266"]
[BlackElo "1706"]
[PlyCount "151"]
[EventDate "2021.03.24"]
[EventType "swiss"]
[EventRounds "9"]
[EventCountry "VIE"]
[SourceTitle "EXT 2022"]
[Source "ChessBase"]
[SourceDate "2021.10.06"]
[SourceVersion "1"]
[SourceVersionDate "2021.10.06"]
[SourceQuality "1"]

1. e4 c5 2. Nf3 d6 3. Bb5+ Nd7 4. 0-0 Ngf6 5. Re1 e6 6. c3 a6 7. Bf1 Be7 8. d4 0-0 9. e5 Nd5 10. c4 Nc7 11. exd6 Bxd6 12. Nc3 Nf6 13. Bg5 cxd4 14. Qxd4 Be7 15. Qb6 Nd7 16. Qe3 Bxg5 17. Nxg5 h6 18. Nge4 Ne8 19. Rad1 Qb6 20. c5 Qc7 21. Na4 Nef6 22. Nb6 Rb8 23. Nd6 Nd5 24. Nxd5 exd5 25. Rxd5 Nf6 26. Rdd1 Be6 27. Bc4 Bxc4 28. Nxc4 Rfe8 29. Qd4 Rbd8 30. Nd6 Rxe1+ 31. Rxe1 b6 32. b4 bxc5 33. bxc5 Qc6 34. h3 Qd5 35. Qxd5 Nxd5 36. Rd1 Nc7 37. Rc1 Kf8 38. Kf1 Ke7 39. Ke2 Ne6 40. Ke3 Rb8 41. Rc2 g6 42. Ne4 f5 43. Nd2 Rb4 44. g3 f4+ 45. Kd3 Rd4+ 46. Kc3 Rd5 47. Nb3 fxg3 48. fxg3 Rg5 49. g4 Nxc5 50. h4 Na4+ 51. Kb4 Rxg4+ 52. Ka5 Rxh4 53. Kxa6 g5 54. Kb5 Rf4 55. Nd2 g4 56. Nc4 g3 57. Kxa4 g2 58. Rxg2 Rxc4+ 59. Kb5 Rf4 60. a4 Kf6 61. a5 Rf1 62. Ra2 Kg5 63. a6 Rf8 64. a7 Ra8 65. Kb6 h5 66. Kb7 Rxa7+ 67. Rxa7 h4 68. Kc6 h3 69. Kd5 Kf4 70. Ra3 Kg4 71. Ra4+ Kg3 72. Ra3+ Kg2 73. Ra2+ Kg1 74. Ra1+ Kg2 75. Ra2+ Kg1 76. Ra1+ 1/2-1/2

[Event "ASEAN-ch 4th"]
[Site "Bac Giang"]
[Date "2019.11.01"]
[Round "9"]
[White "Le, Minh Hoang"]
[Black "Pham, Xuan Dat"]
[Result "0-1"]
[WhiteElo "2280"]
[BlackElo "2173"]
[PlyCount "116"]
[EventDate "2019.10.25"]
[EventType "swiss"]
[EventRounds "9"]
[EventCountry "VIE"]
[SourceTitle "CBM 192 Extra"]
[Source "Chessbase"]
[SourceDate "2019.11.06"]
[SourceVersion "1"]
[SourceVersionDate "2019.11.06"]
[SourceQuality "1"]

1. Nf3 Nf6 2. c4 c5 3. Nc3 Nc6 4. e3 g6 5. d4 cxd4 6. exd4 d5 7. cxd5 Nxd5 8. Qb3 Nxc3 9. bxc3 Bg7 10. Be2 0-0 11. 0-0 b6 12. Bg5 h6 13. Bh4 Be6 14. Qa3 Qd6 15. Qa4 f5 16. Bb5 Na5 17. d5 Bf7 18. Bg3 Qxd5 19. Rad1 Qxa2 20. Ne5 Qxa4 21. Bxa4 Bxe5 22. Bxe5 Bb3 23. Bxb3+ Nxb3 24. Rd7 Kf7 25. Rfd1 Nc5 26. R7d4 Rac8 27. f4 Rc6 28. Rb4 Rfc8 29. h3 h5 30. Bd4 Rd8 31. Rf1 Ne4 32. Ra1 Rd7 33. Ra3 h4 34. Kf1 g5 35. fxg5 Kg6 36. Rba4 e5 37. Bxe5 Nd2+ 38. Ke2 Nc4 39. Rxc4 Rxc4 40. Bf6 Rf4 41. Ke3 Re4+ 42. Kf3 Rd3+ 43. Kf2 Rd2+ 44. Kf3 a5 45. Rb3 Rd3+ 46. Kf2 Rb4 47. Rxb4 axb4 48. cxb4 b5 49. Be7 f4 50. Bf6 Rg3 51. Bd8 Rb3 52. Be7 Re3 53. Bc5 Re8 54. Kf3 Kxg5 55. Bf2 Ra8 56. Bc5 Kf5 57. Be7 Ra3+ 58. Kf2 Rb3 0-1

[Event "Ho Chi Minh City HD Bank op 9th"]
[Site "Ho Chi Minh City"]
[Date "2019.03.13"]
[Round "9"]
[White "Gandhi, Anish"]
[Black "Le, Minh Hoang"]
[Result "1/2-1/2"]
[WhiteElo "2156"]
[BlackElo "2299"]
[PlyCount "27"]
[EventDate "2019.03.07"]
[EventType "swiss"]
[EventRounds "9"]
[EventCountry "VIE"]
[SourceTitle "CBM 189 Extra"]
[Source "ChessBase"]
[SourceDate "2019.06.03"]
[SourceVersion "1"]
[SourceVersionDate "2019.06.03"]
[SourceQuality "1"]

1. e4 c6 2. d4 d5 3. e5 Bf5 4. Nf3 e6 5. Be2 c5 6. Be3 cxd4 7. Nxd4 Ne7 8. 0-0 Nbc6 9. Bb5 a6 10. Bxc6+ bxc6 11. c4 Bg6 12. Qa4 Qd7 13. Rd1 Nf5 14. Nxf5 1/2-1/2

[Event "Ho Chi Minh City HD Bank op 9th"]
[Site "Ho Chi Minh City"]
[Date "2019.03.12"]
[Round "8"]
[White "Le, Minh Hoang"]
[Black "Tokhirjonova, Gulruhbegim"]
[Result "1/2-1/2"]
[WhiteElo "2299"]
[BlackElo "2434"]
[PlyCount "167"]
[EventDate "2019.03.07"]
[EventType "swiss"]
[EventRounds "9"]
[EventCountry "VIE"]
[SourceTitle "CBM 189 Extra"]
[Source "ChessBase"]
[SourceDate "2019.06.03"]
[SourceVersion "1"]
[SourceVersionDate "2019.06.03"]
[SourceQuality "1"]

1. Nf3 d5 2. d4 Nf6 3. c4 c6 4. cxd5 cxd5 5. Nc3 Nc6 6. Bf4 Bf5 7. e3 Rc8 8. Bd3 Bxd3 9. Qxd3 e6 10. 0-0 Bd6 11. Bxd6 Qxd6 12. a3 0-0 13. b4 Ne7 14. Rfc1 a5 15. b5 Nd7 16. Na4 f6 17. Qb3 b6 18. Nc3 Rc7 19. Ne2 Rfc8 20. h3 Kf7 21. Nd2 Nf5 22. Rxc7 Rxc7 23. Rc1 Rxc1+ 24. Nxc1 Qc7 25. Ne2 Nd6 26. a4 Nf8 27. Qc3 Qxc3 28. Nxc3 Ng6 29. Kf1 Ne7 30. Ke2 e5 31. Kd3 Ke6 32. Ne2 g5 33. g3 h5 34. f3 h4 35. g4 Ng6 36. e4 Ne7 37. Nc3 Ndc8 38. exd5+ Nxd5 39. Nxd5 Kxd5 40. Ne4 exd4 41. Nxf6+ Ke5 42. Ne4 Ne7 43. Nxg5 Ng6 44. Nf7+ Kd5 45. g5 Nf4+ 46. Kd2 Ke6 47. Nh6 Ke5 48. Kc2 Nxh3 49. g6 Kf6 50. Nf5 Kxg6 51. Nxh4+ Kf6 52. Kd3 Ke5 53. Ng6+ Kd5 54. Ne7+ Kc5 55. Nc6 Nf4+ 56. Ke4 d3 57. Ke3 Kc4 58. Kd2 Ng6 59. Nxa5+ bxa5 60. b6 Ne5 61. b7 Nd7 62. f4 Kd5 63. f5 Kc6 64. Kxd3 Kxb7 65. Kc4 Kc6 66. Kd4 Nf6 67. Kc4 Ng4 68. Kd4 Kd6 69. Kc4 Kc6 70. Kd4 Nf6 71. Ke5 Nd7+ 72. Kd4 Nc5 73. f6 Nxa4 74. f7 Nc5 75. f8N Kb5 76. Kc3 a4 77. Ng6 Ne4+ 78. Kb2 Kb4 79. Ne5 a3+ 80. Ka1 Nd2 81. Ka2 Ne4 82. Nd3+ Ka4 83. Nb2+ axb2 84. Kxb2 1/2-1/2

[Event "Ho Chi Minh City HD Bank op 9th"]
[Site "Ho Chi Minh City"]
[Date "2019.03.07"]
[Round "1"]
[White "Van Wely, Loek"]
[Black "Le, Minh Hoang"]
[Result "1-0"]
[WhiteElo "2612"]
[BlackElo "2299"]
[PlyCount "71"]
[EventDate "2019.03.07"]
[EventType "swiss"]
[EventRounds "9"]
[EventCountry "VIE"]
[SourceTitle "CBM 189 Extra"]
[Source "ChessBase"]
[SourceDate "2019.06.03"]
[SourceVersion "1"]
[SourceVersionDate "2019.06.03"]
[SourceQuality "1"]

1. d4 d5 2. c4 c6 3. Nf3 Nf6 4. Nc3 e6 5. Bg5 Nbd7 6. cxd5 cxd5 7. e3 b6 8. Ne5 h6 9. Bh4 g5 10. Bg3 Bb7 11. h4 gxh4 12. Bxh4 Be7 13. Bb5 Kf8 14. Bc6 Bxc6 15. Nxc6 Qc7 16. Nxe7 Kxe7 17. Qf3 Qc4 18. e4 Qxd4 19. 0-0 Rac8 20. Rfe1 Rhg8 21. Rad1 Qc4 22. Nxd5+ exd5 23. Bxf6+ Kf8 24. Bc3 d4 25. Rxd4 Qe6 26. e5 Nc5 27. b4 Na4 28. Bd2 Rg6 29. Rd6 Qg4 30. Bxh6+ Kg8 31. Qxg4 Rxg4 32. a3 Nb2 33. e6 fxe6 34. Rexe6 Nc4 35. Rd7 Nxa3 36. f3 1-0

[Event "VIE-chB"]
[Site "Ba Dinh"]
[Date "2018.12.02"]
[Round "7"]
[White "Ngo, Thanh Tung"]
[Black "Le, Minh Hoang"]
[Result "1-0"]
[WhiteElo "1940"]
[BlackElo "2271"]
[PlyCount "99"]
[EventDate "2018.11.28"]
[EventType "swiss"]
[EventRounds "9"]
[EventCountry "VIE"]
[SourceTitle "EXT 2021"]
[Source "ChessBase"]
[SourceDate "2020.10.23"]
[SourceVersion "1"]
[SourceVersionDate "2020.10.23"]
[SourceQuality "1"]

1. e4 c6 2. d4 d5 3. exd5 cxd5 4. Nf3 Nc6 5. Bb5 Nf6 6. Ne5 Bd7 7. Nxd7 Qxd7 8. c3 e6 9. Nd2 Bd6 10. Nf3 a6 11. Bd3 0-0 12. 0-0 b5 13. Re1 Qc7 14. Qe2 b4 15. Bd2 bxc3 16. bxc3 a5 17. a4 Rfb8 18. Ra2 Rb3 19. Qd1 Rab8 20. Qc2 h6 21. g3 R3b7 22. Kg2 Qb6 23. Raa1 Qb2 24. Qd1 Qb6 25. Rb1 Qc7 26. Rb5 Na7 27. Rxb7 Rxb7 28. Ne5 Nc6 29. f4 Rb2 30. Re2 Ne4 31. Bxe4 dxe4 32. Be1 Rb8 33. Rxe4 Nxe5 34. fxe5 Qc6 35. Qf3 Rb2+ 36. Bf2 Ba3 37. Rf4 Qxf3+ 38. Rxf3 Ra2 39. c4 Bb2 40. Kf1 Rxa4 41. Rb3 Ba1 42. Rb1 Bc3 43. Ke2 Bb4 44. Rb2 Ra1 45. c5 Rc1 46. Be3 Rc4 47. Kd1 Rc3 48. Bd2 Rd3 49. c6 Bxd2 50. Rxd2 1-0

[Event "VIE-chB"]
[Site "Ba Dinh"]
[Date "2018.11.28"]
[Round "2"]
[White "Le, Minh Hoang"]
[Black "Nguyen, Van Huy"]
[Result "0-1"]
[WhiteElo "2271"]
[BlackElo "2445"]
[PlyCount "86"]
[EventDate "2018.11.28"]
[EventType "swiss"]
[EventRounds "9"]
[EventCountry "VIE"]
[SourceTitle "EXT 2021"]
[Source "ChessBase"]
[SourceDate "2020.10.23"]
[SourceVersion "1"]
[SourceVersionDate "2020.10.23"]
[SourceQuality "1"]

1. Nf3 Nf6 2. c4 e6 3. g3 d5 4. d4 Bb4+ 5. Bd2 Be7 6. Bg2 0-0 7. 0-0 c6 8. Qc2 b6 9. Bf4 Bb7 10. Nc3 Nh5 11. Bc1 f5 12. Ne5 Nd7 13. Nxd7 Qxd7 14. Bf3 Nf6 15. cxd5 cxd5 16. Bg5 Rac8 17. Bxf6 Bxf6 18. e3 Rc7 19. Qd2 Rfc8 20. Rac1 Be7 21. Ne2 Qa4 22. Rxc7 Rxc7 23. Nc3 Qd7 24. a3 Ba6 25. Rc1 Bc4 26. Ne2 a5 27. h4 Bd6 28. Nf4 a4 29. Kg2 b5 30. Nd3 Qe7 31. Ne5 g6 32. Qa5 Ra7 33. Qd2 Qf6 34. Nd3 Qg7 35. Be2 Rc7 36. f4 Qe7 37. Bf3 h6 38. Ne5 g5 39. hxg5 hxg5 40. Qa5 g4 41. Nxg4 fxg4 42. Bxg4 Be2 43. Bxe2 Rxc1 0-1

[Event "Wch U18"]
[Site "Porto Carras"]
[Date "2018.10.30"]
[Round "11.25"]
[White "Le, Minh Hoang"]
[Black "Bronstein, Or"]
[Result "1/2-1/2"]
[WhiteElo "2271"]
[BlackElo "2385"]
[PlyCount "153"]
[EventDate "2018.10.20"]
[EventType "swiss"]
[EventRounds "11"]
[EventCountry "GRE"]
[SourceTitle "CBM 187 Extra"]
[Source "ChessBase"]
[SourceDate "2018.11.04"]
[SourceVersion "1"]
[SourceVersionDate "2018.11.04"]
[SourceQuality "1"]

1. Nf3 c5 2. c3 Nf6 3. d4 e6 4. Bf4 Nc6 5. e3 d5 6. Nbd2 Bd6 7. Bg3 Be7 8. Ne5 Nxe5 9. Bxe5 0-0 10. Bd3 Qb6 11. Rb1 Bd7 12. Qe2 Ne8 13. 0-0 Bd6 14. Bxd6 Nxd6 15. dxc5 Qxc5 16. e4 e5 17. Nb3 Qb6 18. Rfd1 dxe4 19. Bxe4 Nxe4 20. Rxd7 f5 21. Rbd1 Rac8 22. Kf1 Rfe8 23. Qe3 Qa6+ 24. Qd3 Qb6 25. Qe3 Qa6+ 26. Qd3 Qxa2 27. Qd5+ Kh8 28. Qf7 Rg8 29. Qxf5 Nf6 30. Qc2 Qa6+ 31. Qe2 Qxe2+ 32. Kxe2 Nxd7 33. Rxd7 Rgd8 34. Re7 Re8 35. Rd7 Red8 36. Re7 Re8 37. Rd7 Kg8 38. Nd2 Rb8 39. Ne4 Red8 40. Re7 Rd5 41. b4 a5 42. bxa5 Rxa5 43. h4 Kf8 44. Rc7 Kg8 45. Ke3 Ra6 46. Re7 Kf8 47. Rxe5 Re8 48. Rb5 Re7 49. f3 Ke8 50. g4 Kd8 51. Rh5 Ra3 52. Kf4 Rf7+ 53. Ke3 g6 54. Rd5+ Kc7 55. h5 Ra1 56. Kf2 Ra2+ 57. Ke3 Rh2 58. hxg6 hxg6 59. Rc5+ Kb6 60. Rg5 Rh6 61. Re5 Rc7 62. Kf4 Rh3 63. Re6+ Rc6 64. Re7 Ka6 65. Rf7 b6 66. Kg5 Kb5 67. f4 Kc4 68. f5 gxf5 69. gxf5 Rh1 70. Rd7 Rg1+ 71. Kf4 Rh6 72. Rd4+ Kb5 73. f6 Rh5 74. Rd2 Rf1+ 75. Rf2 Rh4+ 76. Kg5 Rxf2 77. Nxf2 1/2-1/2

[Event "Wch U18"]
[Site "Porto Carras"]
[Date "2018.10.27"]
[Round "8"]
[White "Le, Minh Hoang"]
[Black "Wang, Shixu B"]
[Result "0-1"]
[WhiteElo "2271"]
[BlackElo "2330"]
[PlyCount "72"]
[EventDate "2018.10.20"]
[EventType "swiss"]
[EventRounds "11"]
[EventCountry "GRE"]
[SourceTitle "CBM 187 Extra"]
[Source "ChessBase"]
[SourceDate "2018.11.04"]
[SourceVersion "1"]
[SourceVersionDate "2018.11.04"]
[SourceQuality "1"]

1. Nf3 d5 2. d4 Nf6 3. g3 Bf5 4. Bg2 e6 5. 0-0 Nbd7 6. c4 c6 7. Nc3 Be7 8. Qb3 Qb6 9. c5 Qc7 10. Bf4 Qc8 11. Nh4 Be4 12. f3 Bg6 13. Nxg6 hxg6 14. Bd6 Bxd6 15. cxd6 Qb8 16. e4 dxe4 17. fxe4 Qxd6 18. Rad1 e5 19. Qxb7 0-0 20. d5 cxd5 21. Nxd5 Qc5+ 22. Kh1 Rab8 23. b4 Rxb7 24. bxc5 Nxc5 25. Nxf6+ gxf6 26. Rxf6 Rb2 27. Rc6 Ne6 28. Ra6 Rc8 29. Bh3 Ng5 30. Bg2 Rcc2 31. h4 Ne6 32. Bf1 Nd4 33. Ra3 Rf2 34. Rc1 Kg7 35. Re3 Kh6 36. g4 Nf3 0-1